गाँधी-परिचर्चा / (Record no. 118700)

MARC details
000 -LEADER
fixed length control field 01361nam a22002777a 4500
005 - DATE AND TIME OF LATEST TRANSACTION
control field 20170124103119.0
010 ## - LIBRARY OF CONGRESS CONTROL NUMBER
LC control number B-158183
020 ## - INTERNATIONAL STANDARD BOOK NUMBER
Terms of availability 150.00
International Standard Book Number 817961008
035 ## - SYSTEM CONTROL NUMBER
System control number B-158183
037 ## - SOURCE OF ACQUISITION
Source of stock number/acquisition Cen Lib/Ret
040 ## - CATALOGING SOURCE
Original cataloging agency DPL
Language of cataloging HN
082 ## - DEWEY DECIMAL CLASSIFICATION NUMBER
Classification number 301.153
Item number गाँधीप
245 ## - TITLE STATEMENT
Title गाँधी-परिचर्चा /
Statement of responsibility, etc संपादक जगन्नाथस्वरुप माथुर [एवं] राधारमण अग्रवाल
246 ## - VARYING FORM OF TITLE
Title proper/short title Gandhi paricharcha /
Remainder of title sampadak Jagnnathswaroop Mathur [evam] Radharaman Agrvaal
260 ## - PUBLICATION, DISTRIBUTION, ETC. (IMPRINT)
Place of publication, distribution, etc इलाहाबाद
Name of publisher, distributor, etc यश पब्लिकेशन
Date of publication, distribution, etc 2003
270 ## - ADDRESS
City इलाहाबाद
Address 49बी/37 एस्तिंग रोड
300 ## - PHYSICAL DESCRIPTION
Extent 160पृ.
Dimensions 20सेमी(सजिल्द )
500 ## - GENERAL NOTE
General note सन्दर्भ सूची शामिल
650 ## - SUBJECT ADDED ENTRY--TOPICAL TERM
Topical term or geographic name as entry element लोकतंत्र और समाजवाद
General subdivision
Geographic subdivision
9 (RLIN) 81516
650 ## - SUBJECT ADDED ENTRY--TOPICAL TERM
Topical term or geographic name as entry element गांधीवाद--न्याय तथा विचार
9 (RLIN) 81517
650 ## - SUBJECT ADDED ENTRY--TOPICAL TERM
Topical term or geographic name as entry element Democracy and Socialism
9 (RLIN) 81518
650 ## - SUBJECT ADDED ENTRY--TOPICAL TERM
Topical term or geographic name as entry element Gandhian-judgment and opinion
9 (RLIN) 81519
700 ## - ADDED ENTRY--PERSONAL NAME
Personal name माथुर, जगन्नाथस्वरुप
9 (RLIN) 81520
700 ## - ADDED ENTRY--PERSONAL NAME
Personal name अग्रवाल, राधारमण
9 (RLIN) 42466
942 ## - ADDED ENTRY ELEMENTS (KOHA)
Source of classification or shelving scheme Dewey Decimal Classification
Koha item type Hindi Books
Classification part 301.153
Call number suffix गाँधीप
Holdings
Withdrawn status Lost status Damaged status Not for loan Home library Current library Date acquired Source of acquisition Cost, normal purchase price Total Checkouts Full call number Barcode Date last seen Date checked out Copy number Cost, replacement price Price effective from Koha item type
        Central Library Central Library 12/09/2015 Cen Lib/Ref 150.00 3 301.153 गाँधीप B-158183 08/01/2024 29/12/2023 1 150.00 12/09/2015 Hindi Books

© Delhi Public Library
Hit Counter
free hit counter